La legislación civil y el proletariado / (Record no. 72854)

MARC details
000 -LEADER
campo de control de longitud fija 00570nam a2200169 i 4500
001 - NÚMERO DE CONTROL
campo de control 72854
003 - IDENTIFICADOR DE NÚMERO DE CONTROL
campo de control ES-MaACL
005 - FECHA Y HORA DE LA ÚLTIMA TRANSACCIÓN
campo de control 20230906171559.0
007 - CAMPO FIJO DE DESCRIPCIÓN FÍSICA--INFORMACIÓN GENERAL
campo de control de longitud fija t|
008 - DATOS DE LONGITUD FIJA--INFORMACIÓN GENERAL
campo de control de longitud fija 040903s1918 sp ||||1| spa d
100 1# - ENTRADA PRINCIPAL--NOMBRE DE PERSONA
Nombre de persona Goicoechea, Francisco L. de.
9 (RLIN) 57607
245 13 - MENCIÓN DEL TÍTULO
Título La legislación civil y el proletariado /
Mención de responsabilidad, etc. por Francisco L. de Goicoechea, Luis de la Peña y Costa, Alfonso Cortezo y Collantes.
260 ## - PUBLICACIÓN, DISTRIBUCIÓN, ETC.
Lugar de publicación, distribución, etc. Madrid :
Nombre del editor, distribuidor, etc. [s.n.,
Fecha de publicación, distribución, etc. 1918]
700 1# - ENTRADA AGREGADA--NOMBRE PERSONAL
Nombre de persona Peña y Costa, Luis de la.
9 (RLIN) 90286
700 1# - ENTRADA AGREGADA--NOMBRE PERSONAL
Nombre de persona Cortezo y Collantes, Alfonso.
9 (RLIN) 40924
852 ## - LOCALIZACIÓN
Ubicación ES-MaACL
Número de control de estantería 1559-F-6
Holdings
Estatus retirado Estado de pérdida Estado de daño No para préstamo Colección Biblioteca de origen Biblioteca actual Ubicación en estantería Fecha de adquisición Fuente de adquisición Total de préstamos Signatura topográfica completa Código de barras Visto por última vez Precio de reemplazo Tipo de ítem Koha
        Colección de folletos Biblioteca del Ateneo de Madrid Biblioteca del Ateneo de Madrid Depósito folletos 17/01/2008     1559-F-6 1076263 23/02/2023 23/02/2023 Folleto